British Columbia, its resources and people /

Bibliographic Details
Corporate Author: University of Victoria (B.C.). Department of Geography
Other Authors: Forward, Charles N., 1927-
Format: Book
Language:English
Published: Victoria, B.C. : Dept. of Geography, University of Victoria, 1987.
Series:Western geographical series ; v. 22.
Subjects:

MARC

Tag First Indicator Second Indicator Subfields
LEADER 00000cam a2200000 a 4500
001 in00000015822
005 20151007052617.0
008 860530s1987 bccab b 00000 eng d
010 |a cn 86091358  
015 |a C86-91358-9 
020 |a 091983812X :  |c $10.00 
035 |a (OCoLC)16019135 
035 |9 AAA8502AM 
040 |a CaBVAU  |b eng  |c NLC  |d TXA  |d UtOrBLW 
043 |a n-cn-bc 
049 |a TXAM  |c [A09360789] 
050 4 |a F1087  |b .B89 1987 
082 0 |a 917.11  |2 19 
245 0 0 |a British Columbia, its resources and people /  |c edited by Charles N. Forward. 
264 1 |a Victoria, B.C. :  |b Dept. of Geography, University of Victoria,  |c 1987. 
300 |a xxiii, 433 pages :  |b illustrations, maps ;  |c 23 cm. 
336 |a text  |b txt  |2 rdacontent 
337 |a unmediated  |b n  |2 rdamedia 
338 |a volume  |b nc  |2 rdacarrier 
490 1 |a Western geographical series,  |x 0315-2022 ;  |v v. 22 
504 |a Includes bibliographical references. 
651 0 |a British Columbia  |x Description and travel. 
700 1 |a Forward, Charles N.,  |d 1927- 
710 2 |a University of Victoria (B.C.).  |b Department of Geography. 
830 0 |a Western geographical series ;  |v v. 22. 
999 |a MARS 
999 f f |s 76061400-aefc-398f-bceb-64926f8bf20d  |i e480ce6b-5b06-31c1-9d25-f9fb79dae7bd  |t 0 
952 f f |p normal  |a Texas A&M University  |b College Station  |c Sterling C. Evans Library  |d Evans: Library Stacks  |t 0  |e F1087 .B89 1987  |h Library of Congress classification  |i unmediated -- volume  |m A14809360789 
998 f f |a F1087 .B89 1987  |t 0  |l Evans: Library Stacks